000 00764nam a2200229 i 4500
001 80109
003 ES-MaACL
005 20230906174130.0
007 t|
008 041026s1964 mx |||| | spa d
100 1 _aHirschman, Albert O.
_963815
245 1 3 _aLa estrategia del desarrollo económico /
_cAlbert O. Hirschman ; [traducción de Mª Teresa Márquez de Silva Herzog].
250 _a2ª ed.
260 _aMéxico :
_bFondo de Cultura Económica,
_c1964.
300 _a210 p. ;
_c21 cm.
490 1 _aSección de obras de economía
650 0 4 _aPolítica económica.
_916293
700 1 _aMárquez de Silva Herzog, María Teresa.
_977022
830 0 _aSección de obras de economía
_9179924
852 _aES-MaACL
_jE-8357
999 _c80109
_d80109